Statistics for 京成グループのバス事業者

Click here to take the quiz!

General Stats

  • This quiz has been taken 32 times
  • The average score is 12 of 22

Answer Stats

Answer% Correct
京成バス
100%
京成バスシステム
69%
船橋新京成バス
65%
関東鉄道
65%
松戸新京成バス
65%
ちばグリーンバス
62%
東京ベイシティバス
62%
ちばフラワーバス
62%
京成タウンバス
58%
千葉中央バス
58%
京成トランジットバス
58%
千葉内陸バス
54%
ちばシティバス
54%
成田空港交通
50%
千葉交通
50%
千葉海浜交通
46%
ちばレインボーバス
46%
東京BRT
42%
関鉄グリーンバス
35%
関鉄パープルバス
31%
関鉄観光バス
27%
東京空港交通
23%

Score Distribution

Percentile by Number Answered

Percent of People with Each Score

Your Score History

You have not taken this quiz